| 000 | 00380 a2200157 4500 | ||
|---|---|---|---|
| 001 | 73115 | ||
| 020 | _a8534216185 | ||
| 040 | _cAnchieta - Colégio São Paulo | ||
| 100 | _aPiffer, Osvaldo | ||
| 240 | 1 | 0 |
_aGeografia para Ensino Fundamental _lpor |
| 245 | 1 | 0 | _aGeografia para Ensino Fundamental |
| 300 | _a192 | ||
| 362 | 0 | _a2005 | |
| 650 | 4 | _aGeografia e viagens | |
| 942 | _cBK | ||
| 999 |
_c73115 _d73115 |
||